1091 1512 1225 1328 1607 1758 1365 1220 1056 1384 1436 1575 1309 1623 1252 1541 1975 1720 1983 1580 1846 1156 1087 1282 1544 1135 1720 1475 1253 1383 1168 1850 1978 1343 1618 1549 1260 1675 1081 1491 1624 1605 1335 1372 1177 1093 1679 1489 1512 1616 1755 1594 1871 1362 1225 1577 1479 1192 1262 1402 1319 1785 1439 1655 1106 1082 1435 1877 1944 1258 1092 1017 1017 1386 1774 1719 1284 1090 1779 1676 1015 1747 1433 1757 1863 1545 1850 1527 1771 1146 1701 1637 1369 1710 1473 1032 1143 1939 1403 BCNSPRNW ULIB Ver.6.0+V

เปลี่ยนเป็นภาษาไทย

Change to English
 แสดงรายละเอียดบรรณานุกรม
  กลับหน้าหลัก

Brief Record : Get Marc (ISO 2709) : E-mail record : QR code < ปิดหน้าต่าง
LEADER : 00000nam 2200000uu 4500
001    13399122108
003     ULIB
008    121226s2552||||th 000 0 tha d
099    ^aวจ.QT255^bส837ป
100 0  ^aสุภา ยิ่งยงเมธี
245 00 ^aปัจจัยที่มีความสัมพันธ์กับพฤติกรรมการออกกำลังกายขององนักศึกษาพยาบาล วิทยาลัยพยาบาลบรมราชชนนี สวรรค์ประชารักษ์ นครสวรรค์/^cสุภา สยิ่งเมธี
260    ^aนครสวรรค์:^bวิทยาลัยพยาบาลบรมราชชนนี สวรรค์ประชารักษ์ นครสวรรค์,^c2552
300    ^a63 หน้า
650  7 ^aออกกำลังกาย^xวิจัย
710 2  ^aกระทรวงสาธารณสุข.^bสถาบันพระบรมราชนก.^bวิทยาลัยพยาบาลบรมราชชนนี สวรรค์ประชารักษ์ นครสวรรค์.
945    ^p0^l0^i026566
995    ^a เกษร
999    ^aวิภา
รายการนี้ยังไม่มีแท็ก
คุณยังไม่ได้ล็อกอิน คุณสามารถมีกิจกรรมร่วมกับเว็บไซต์ได้ แต่ต้องล็อกอินก่อน ::
  ล็อกอิน

รายการสื่อสารสนเทศ

ลำดับที่ ประเภท เลขเรียก/บาร์โค้ด สถานที่ สถานะ
1. งานวิจัย
งานวิจัย
วจ.QT255 ส837ป  
  Barcode: 026566
ห้องสมุดวิทยาเขตสวรรค์ประชารักษ์
►วิจัย
บนชั้น

BibComment


ยังไม่เคยถูกคอมเมนท์

คอมเมนท์ทรัพยากรรายการนี้
  คอมเมนท์: ปัจจัยที่มีความส..


 Copyright 2026. Bcnsprnw @Library